[Event "GRE-chT 49th"]
[Site "Thessaloniki"]
[Date "2022.08.13"]
[Round "2"]
[White "Triantafilidis, Mihail"]
[Black "Nikolakis, Panagiotis Marios"]
[Result "1-0"]
[WhiteElo "1991"]
[BlackElo "1900"]
[PlyCount "93"]
[EventDate "2022.08.12"]
[EventType "team-swiss"]
[EventRounds "7"]
[EventCountry "GRE"]
[SourceTitle "EXT 2024"]
[Source "ChessBase"]
[SourceDate "2023.10.10"]
[SourceVersion "1"]
[SourceVersionDate "2023.10.10"]
[SourceQuality "1"]
[WhiteTeam "Thessaloniki Aris"]
[BlackTeam "Eso Papafe Chronikon"]
[WhiteTeamCountry "GRE"]
[BlackTeamCountry "GRE"]

1. d4 Nf6 2. Bg5 d5 3. Nd2 c5 4. dxc5 Na6 5. Bxf6 gxf6 6. e4 Nxc5 7. Bb5+ Bd7 8. Qe2 Nxe4 9. Nxe4 dxe4 10. 0-0-0 Bh6+ 11. Kb1 0-0 12. Bxd7 Qb6 13. Qxe4 Rfd8 14. Nh3 e6 15. Ba4 f5 16. Qe2 Bg7 17. Bb3 a5 18. a4 Rd4 19. Rxd4 Qxd4 20. c3 Qd6 21. Rd1 Qxh2 22. Bxe6 fxe6 23. Qxe6+ Kh8 24. Ng5 Qh5 25. Nf7+ Kg8 26. Rd7 Rf8 27. Nd6+ Kh8 28. f3 h6 29. Rxb7 Qh1+ 30. Ka2 Qd1 31. Qd7 Qd5+ 32. c4 Qd4 33. Nf7+ Kg8 34. Nxh6+ Kh8 35. Nf7+ Kg8 36. Qxd4 Bxd4 37. Nd6 Rf6 38. Rd7 Be3 39. Nb7 Rg6 40. c5 Rc6 41. Rd5 Rc7 42. Nxa5 Bxc5 43. Rxf5 Bb4 44. Rb5 Be1 45. Nb7 Rc2 46. g4 Rc4 47. Ka3 1-0

[Event "Thessaloniki SKG op-A 1st"]
[Site "Thessaloniki"]
[Date "2022.08.09"]
[Round "8"]
[White "Triantafilidis, Mihail"]
[Black "Mitrandzas, Athanasios"]
[Result "1-0"]
[WhiteElo "1991"]
[BlackElo "2071"]
[PlyCount "55"]
[EventDate "2022.08.03"]
[EventType "swiss"]
[EventRounds "9"]
[EventCountry "GRE"]
[SourceTitle "CBM 209 Extra"]
[Source "ChessBase"]
[SourceDate "2022.09.30"]
[SourceVersion "1"]
[SourceVersionDate "2022.09.30"]
[SourceQuality "1"]

1. e4 c5 2. Nf3 e6 3. d4 cxd4 4. Nxd4 Nf6 5. Nc3 d6 6. g4 h6 7. h4 Be7 8. Qf3 Nc6 9. Nxc6 bxc6 10. g5 hxg5 11. hxg5 Rxh1 12. Qxh1 Nd7 13. Qh8+ Bf8 14. Be3 Rb8 15. 0-0-0 Qa5 16. Rd4 Rb4 17. Rd1 Rb8 18. Bc4 d5 19. Bb3 Nc5 20. Bf4 Ra8 21. Bd6 Nd7 22. exd5 Bb7 23. dxe6 fxe6 24. Bxe6 Qxg5+ 25. f4 Qf6 26. Bxd7+ Kxd7 27. Bxf8+ Kc7 28. Qxg7+ 1-0